000 02319nam0a2200421 4500
001 RU\NLR\bibl\740156
005 20260405131801.0
010 _a5-98280-002-3
_bв обл.
_936
021 _aRU
_b2004-63109
_93110
035 _aRSL-KNO-002486630
035 _a(NLR Aleph) 000730048
090 _a756864
_c756864
100 _a20041012d2004 |||y0rusy50 ca
101 0 _arus
102 _aRU
105 _aa |||||||||
106 _ar
200 1 _aПрогнозные модели управления качеством образовательного процесса на основе квалиметрических технологий получения информации о значениях параметров объекта управления
_fН. В. Дементьев, Б. Н. Тихонов
_gМоск. ин-т новых информ. технологий Федер. службы безопасности Рос. Федерации
210 _aМ.
_c[б. и.]
_d2004
_gТип. МИНИТ ФСБ России
215 _a60, [1] с.
_cил., табл.
_d21
320 _aБиблиогр. в конце кн.
606 1 _aКвалиметрия в образовании
_92301745
_3RU\NLR\auth\661378011
606 1 _aОбразование
_xУправление
_92296673
_3RU\NLR\auth\661375211
606 1 _aОбразование
_xМатематические методы
_92331191
_3RU\NLR\auth\661394029
606 1 _aМатематические методы в образовании
_92331185
_3RU\NLR\auth\661394025
610 0 _aКультура. Наука. Просвещение -- Народное образование. Педагогические науки -- Общая педагогика -- Российская Федерация -- Дидактика
686 _aЧ31,6(2)2,0
_2rubbk
686 _aЧ312.8
686 _aЧ34(2)к
686 _aЧ30в6
700 1 _aДементьев
_bН. В.
_gНиколай Васильевич
_4070
701 1 _4070
_8rus
_7ca
_aТихонов
_bБ. Н.
_cканд. техн. наук
_gБорис Николаевич
_3RU\NLR\auth\7752741
_935674
801 0 _aRU
_bRuMoRKP
_c20041012
_grcr
801 1 _aRU
_bRuMoRGB
_c20041012
801 2 _aRU
_bNLR
_c20050325
_gPSBO
942 _cBOOK
980 _aNB